[Event "Sonderjysk EMT Basis 1 2015"]
[Site "Vojens"]
[Date "2015.04.27"]
[Round "1"]
[White "Leimand, Hans Erik"]
[Black "Clausen, Hansjorgen"]
[Result "1-0"]
[WhiteElo "1719"]
[BlackElo "1737"]
[PlyCount "77"]
[EventDate "2015.??.??"]

1. d4 b6 2. Bf4 Bb7 3. e3 d6 4. Nf3 Nf6 5. c4 g6 6. Nc3 Bg7 7. Be2 Nbd7 8. h3
O-O 9. O-O Nh5 10. Bh2 e5 11. dxe5 dxe5 12. Qc2 Qe7 13. Nd5 Bxd5 14. cxd5 Qd6
15. Rfd1 Rfe8 16. Rac1 Qb4 17. a3 Qc5 18. b4 Qxc2 19. Rxc2 Nhf6 20. Rxc7 e4 21.
Nd4 Nxd5 22. Rxd7 Nc3 23. Re1 a5 24. Bc4 Rf8 25. Bd6 Rad8 26. Bxf7+ Kh8 27.
Bxf8 Rxd7 28. Bxg7+ Kxg7 29. Be8 Rd6 30. bxa5 bxa5 31. a4 Rb6 32. Bb5 g5 33.
Rc1 Nd5 34. Rc5 Nf6 35. Rxg5+ Kh8 36. Nf5 Rb7 37. Nd6 Re7 38. Bc4 Ra7 39. Nf7+
1-0

[Event "Sonderjysk EMT Basis 1 2015"]
[Site "Vojens"]
[Date "2015.05.15"]
[Round "1"]
[White "Mogensen, Claus G"]
[Black "Andersen, Christian Nors"]
[Result "1-0"]
[WhiteElo "1958"]
[BlackElo "1916"]
[PlyCount "83"]
[EventDate "2015.??.??"]

1. d4 Nf6 2. c4 g6 3. Nc3 Bg7 4. e4 d6 5. Be2 O-O 6. Nf3 e5 7. O-O Nc6 8. d5
Ne7 9. Qc2 Nh5 10. Ne1 Nf4 11. Nd3 Nxe2+ 12. Qxe2 f5 13. f3 f4 14. Bd2 g5 15.
c5 h5 16. Kf2 Rf6 17. Ke1 Rg6 18. cxd6 cxd6 19. Kd1 Bd7 20. g3 Rc8 21. Qf2 a6
22. Rg1 b5 23. Rc1 Kf7 24. gxf4 gxf4 25. Ke2 a5 26. a3 Bf6 27. Qa7 Ra8 28. Qb7
Rb8 29. Qa6 b4 30. Nb1 Bb5 31. Qa7 Ra8 32. Qf2 Qd7 33. axb4 Bxd3+ 34. Kxd3 Qb5+
35. Rc4 Rxg1 36. Qxg1 axb4 37. Bxb4 Rc8 38. Na3 Qa6 39. Kc3 Rb8 40. Kb3 Ng6 41.
Rc7+ Ne7 42. Nc4 1-0

[Event "Sonderjysk EMT Basis 1 2015"]
[Site "Vojens"]
[Date "2015.04.27"]
[Round "1"]
[White "Schack, Asbjorn Hovgaard"]
[Black "Ladefoged, Simon Degnbol"]
[Result "1-0"]
[WhiteElo "1635"]
[BlackElo "1751"]
[PlyCount "67"]
[EventDate "2015.??.??"]

1. d4 d5 2. c4 e6 3. Nc3 Nf6 4. Bg5 Nbd7 5. Nf3 Be7 6. e3 h6 7. Bh4 O-O 8. Rc1
a6 9. a4 Re8 10. Bd3 dxc4 11. Bxc4 c5 12. O-O b6 13. Qe2 cxd4 14. Nxd4 Bb7 15.
h3 Ne5 16. Bb3 Ne4 17. Bxe7 Qxe7 18. Nxe4 Bxe4 19. Rfd1 Nd7 20. Nc6 Bxc6 21.
Rxc6 Nc5 22. Bc2 Red8 23. Rxb6 Qc7 24. Rxd8+ Rxd8 25. a5 Rb8 26. Rxb8+ Qxb8 27.
Qc4 Qd6 28. b4 Nd7 29. Qc8+ Nf8 30. b5 Qd2 31. b6 Qxa5 32. b7 Qa1+ 33. Kh2 Qe5+
34. f4 1-0

[Event "Sonderjysk EMT Basis 1 2015"]
[Site "Vojens"]
[Date "2015.04.27"]
[Round "1"]
[White "Schroder, Borge"]
[Black "Feldborg, Henrik"]
[Result "1/2-1/2"]
[WhiteElo "1685"]
[BlackElo "1629"]
[PlyCount "45"]
[EventDate "2015.??.??"]

1. c4 Nf6 2. Nc3 g6 3. g3 Bg7 4. Bg2 O-O 5. e3 d6 6. Nge2 e5 7. b3 c6 8. Bb2
Bf5 9. d3 Na6 10. O-O Qd7 11. a3 Nc5 12. e4 Bg4 13. b4 Na6 14. Rc1 Bh3 15. f3
Bxg2 16. Kxg2 Nc7 17. Qa4 a6 18. Qb3 d5 19. cxd5 cxd5 20. Na4 Qd6 21. Qc3 Nb5
22. Qc5 dxe4 23. dxe4 1/2-1/2

[Event "Sonderjysk EMT Basis 1 2015"]
[Site "Vojens"]
[Date "2015.05.04"]
[Round "2"]
[White "Andersen, Christian Nors"]
[Black "Schack, Asbjorn Hovgaard"]
[Result "1-0"]
[WhiteElo "1916"]
[BlackElo "1635"]
[PlyCount "99"]
[EventDate "2015.??.??"]

1. d4 d5 2. c4 e6 3. Nc3 Nf6 4. Nf3 Be7 5. Bf4 c5 6. e3 Nc6 7. Be2 O-O 8. O-O
Nh5 9. Be5 f6 10. Bg3 Nxg3 11. hxg3 cxd4 12. exd4 Kh8 13. Re1 Qd6 14. cxd5 exd5
15. Qb3 Be6 16. Nb5 Qd7 17. a3 Rac8 18. Qe3 Bf7 19. Bd3 Rfe8 20. Qf4 a6 21. Bf5
Qd8 22. Bxc8 axb5 23. Bf5 b4 24. Qd2 bxa3 25. bxa3 Na5 26. Qd3 g6 27. Be6 Bxe6
28. Rxe6 Nc4 29. Rae1 Kg8 30. R6e2 Kf7 31. Qb3 Qd7 32. a4 Qc7 33. Qb5 Qc6 34.
Qxc6 bxc6 35. Nh2 Na5 36. Nf3 Nc4 37. g4 g5 38. Nh2 Na5 39. Nf1 Nb3 40. Rd1 Ra8
41. Rb2 Na5 42. Ng3 Ba3 43. Rb6 Ra7 44. Nf5 Rc7 45. Rb8 Bf8 46. Re1 Ba3 47.
Ree8 Ra7 48. Rh8 Ke6 49. Rbe8+ Kf7 50. Re3 1-0

[Event "Sonderjysk EMT Basis 1 2015"]
[Site "Vojens"]
[Date "2015.05.04"]
[Round "2"]
[White "Schroder, Borge"]
[Black "Mogensen, Claus G"]
[Result "0-1"]
[WhiteElo "1685"]
[BlackElo "1958"]
[PlyCount "60"]
[EventDate "2015.??.??"]

1. c4 e5 2. Nc3 d6 3. g3 f5 4. Bg2 g6 5. b3 Bg7 6. Bb2 c6 7. e3 Nf6 8. Nge2 O-O
9. O-O Qe7 10. d4 Be6 11. d5 cxd5 12. Nxd5 Nxd5 13. Bxd5 Nc6 14. Qd2 Rfd8 15.
Nc3 e4 16. Bxe6+ Qxe6 17. Nd5 Rac8 18. Bxg7 Kxg7 19. Qc3+ Ne5 20. Rfd1 Kf7 21.
Nf4 Qf6 22. Qa5 Rc5 23. Qxa7 g5 24. Nd5 Qh6 25. Qxb7+ Rd7 26. Qb6 Qh3 27. f4
Nf3+ 28. Kf2 Qxh2+ 29. Kf1 Qg1+ 30. Ke2 Qg2# 0-1

[Event "Sonderjysk EMT Basis 1 2015"]
[Site "Vojens"]
[Date "2015.05.11"]
[Round "3"]
[White "Clausen, Hansjorgen"]
[Black "Ladefoged, Simon Degnbol"]
[Result "0-1"]
[WhiteElo "1737"]
[BlackElo "1751"]
[PlyCount "70"]
[EventDate "2015.??.??"]

1. d4 d5 2. Nf3 c5 3. c3 e6 4. Bf4 Nc6 5. e3 Bd6 6. Bxd6 Qxd6 7. Bb5 Bd7 8. O-O
Nf6 9. dxc5 Qxc5 10. Bxc6 Bxc6 11. Nbd2 O-O 12. Nb3 Qb6 13. Qd4 Qxd4 14. Nbxd4
Rac8 15. Rfc1 Rc7 16. c4 Rfc8 17. Ne5 Be8 18. b3 b5 19. h3 bxc4 20. bxc4 dxc4
21. Rab1 Nd5 22. e4 Nf4 23. Kf1 c3 24. f3 f6 25. Ng4 Kf7 26. Ne3 Ba4 27. Nb3
Bb5+ 28. Kf2 Nd3+ 29. Kg3 Nxc1 30. Nxc1 a6 31. a3 c2 32. Rb2 Rc3 33. Kf2 Rxa3
34. Nxc2 Rac3 35. Nd4 Rxc1 0-1

[Event "Sonderjysk EMT Basis 1 2015"]
[Site "Vojens"]
[Date "2015.05.11"]
[Round "3"]
[White "Leimand, Hans Erik"]
[Black "Andersen, Christian Nors"]
[Result "0-1"]
[WhiteElo "1719"]
[BlackElo "1916"]
[PlyCount "80"]
[EventDate "2015.??.??"]

1. d4 Nf6 2. c4 g6 3. Nc3 Bg7 4. e4 d6 5. Be3 O-O 6. f3 Nbd7 7. Qd2 c5 8. dxc5
Nxc5 9. e5 Nfd7 10. exd6 exd6 11. O-O-O Re8 12. Bd4 Bf8 13. Nge2 Ne6 14. Kb1
Nxd4 15. Qxd4 Nc5 16. g4 Ne6 17. Qd2 Bd7 18. h4 Bc6 19. Bg2 Rc8 20. Ng3 Bg7 21.
Nge4 Bxe4+ 22. Nxe4 Nd4 23. Qb4 Rc6 24. b3 Rb6 25. Qa4 a5 26. g5 Rb4 27. Qa3
Qb6 28. Rhe1 Rd8 29. Rd3 a4 30. Nf6+ Bxf6 31. gxf6 axb3 32. axb3 Nxb3 33. Rde3
Nd4+ 34. Ka2 Ne6 35. Bf1 h6 36. f4 Nc5 37. Re8+ Rxe8 38. Rxe8+ Kh7 39. Ra8 Na6
40. h5 Qf2+ 0-1

[Event "Sonderjysk EMT Basis 1 2015"]
[Site "Vojens"]
[Date "2015.05.11"]
[Round "3"]
[White "Mogensen, Claus G"]
[Black "Feldborg, Henrik"]
[Result "1/2-1/2"]
[WhiteElo "1958"]
[BlackElo "1629"]
[PlyCount "30"]
[EventDate "2015.??.??"]

1. e4 c5 2. Nc3 Nc6 3. g3 g6 4. Bg2 Bg7 5. d3 e6 6. f4 Nge7 7. Nf3 O-O 8. O-O
d5 9. e5 a6 10. a3 Nf5 11. Kh1 f6 12. exf6 Bxf6 13. Bd2 Qc7 14. Rb1 Bd7 15. Rf2
Rac8 1/2-1/2

[Event "Sonderjysk EMT Basis 1 2015"]
[Site "Vojens"]
[Date "2015.05.11"]
[Round "3"]
[White "Schack, Asbjorn Hovgaard"]
[Black "Schroder, Borge"]
[Result "1/2-1/2"]
[WhiteElo "1635"]
[BlackElo "1685"]
[PlyCount "34"]
[EventDate "2015.??.??"]

1. d4 b6 2. c4 Bb7 3. Nc3 Nf6 4. Nf3 e6 5. Bg5 Be7 6. e3 d6 7. Bd3 Nbd7 8. O-O
c5 9. Qe2 e5 10. d5 Nxd5 11. Nxd5 Bxg5 12. Nxg5 Qxg5 13. f4 Qd8 14. Qg4 Bxd5
15. Qxg7 Qf6 16. Qxf6 Nxf6 17. cxd5 e4 1/2-1/2

[Event "Sonderjysk EMT Basis 1 2015"]
[Site "Vojens"]
[Date "2015.05.18"]
[Round "4"]
[White "Andersen, Christian Nors"]
[Black "Clausen, Hansjorgen"]
[Result "1-0"]
[WhiteElo "1916"]
[BlackElo "1737"]
[PlyCount "121"]
[EventDate "2015.??.??"]

1. d4 b6 2. e4 e6 3. Bd3 Bb7 4. Nf3 d6 5. O-O Nd7 6. c4 g6 7. Nc3 Bg7 8. Bg5
Ne7 9. Qd2 h5 10. b4 c5 11. bxc5 dxc5 12. d5 exd5 13. exd5 f6 14. Bf4 O-O 15.
Rfe1 f5 16. Ng5 Re8 17. Ne6 Qc8 18. Nxg7 Kxg7 19. Nb5 Ng8 20. Nd6 Rxe1+ 21.
Rxe1 Qf8 22. Nxb7 Re8 23. Rxe8 Qxe8 24. Nd6 Qf8 25. Nb5 a5 26. Nc7 Kh7 27. Ne6
Qf6 28. h3 Qa1+ 29. Kh2 Ne5 30. Bxe5 Qxe5+ 31. Qf4 Qxf4+ 32. Nxf4 Kg7 33. Kg3
Kf6 34. Kf3 Ne7 35. Bc2 Nc8 36. a4 Nd6 37. Bd3 h4 38. Ne6 g5 39. Nc7 Ke5 40.
Nb5 Nf7 41. d6 Nd8 42. g4 hxg3 43. fxg3 Nc6 44. h4 gxh4 45. gxh4 Nd8 46. h5 Ne6
47. h6 Kf6 48. Ke3 Nf8 49. Kf3 Ne6 50. Nc7 Ng5+ 51. Ke3 Nf7 52. h7 Kg7 53. d7
Kxh7 54. Bxf5+ Kg7 55. Ne6+ Kf6 56. d8=Q+ Nxd8 57. Nxd8 Kxf5 58. Nc6 Ke6 59.
Ke4 Kd7 60. Na7 Kc7 61. Kd5 1-0

[Event "Sonderjysk EMT Basis 1 2015"]
[Site "Vojens"]
[Date "2015.05.18"]
[Round "4"]
[White "Feldborg, Henrik"]
[Black "Ladefoged, Simon Degnbol"]
[Result "0-1"]
[WhiteElo "1629"]
[BlackElo "1751"]
[PlyCount "96"]
[EventDate "2015.??.??"]

1. Nf3 Nf6 2. g3 d5 3. d3 e6 4. Bg2 Bd6 5. O-O O-O 6. Nbd2 b6 7. e4 dxe4 8.
dxe4 e5 9. Nc4 Ba6 10. b3 Nc6 11. Nfd2 Na5 12. Qe2 Bb4 13. Rd1 Qe7 14. Bb2 Rad8
15. c3 Ba3 16. Bxa3 Qxa3 17. Bf1 Nxc4 18. Nxc4 Rxd1 19. Qxd1 Bxc4 20. Bxc4 Nxe4
21. Qe1 Nd6 22. Bd5 Re8 23. Qd2 a5 24. Re1 Qc5 25. b4 axb4 26. cxb4 Qd4 27.
Qxd4 exd4 28. Rxe8+ Nxe8 29. Kf1 c5 30. bxc5 bxc5 31. Ke2 Kf8 32. a4 Ke7 33. a5
Nd6 34. Kd3 Nc8 35. Kc4 Kd6 36. Bxf7 Na7 37. f4 Nc6 38. a6 d3 39. Kxd3 Nb4+ 40.
Ke4 Nxa6 41. Bg8 h6 42. Kf5 Ke7 43. Kg6 Kf8 44. Bc4 Nc7 45. h4 Ne8 46. g4 Nd6
47. Bd5 Nc8 48. h5 Ne7+ 0-1

[Event "Sonderjysk EMT Basis 1 2015"]
[Site "Vojens"]
[Date "2015.05.18"]
[Round "4"]
[White "Mogensen, Claus G"]
[Black "Schack, Asbjorn Hovgaard"]
[Result "1-0"]
[WhiteElo "1958"]
[BlackElo "1635"]
[PlyCount "103"]
[EventDate "2015.??.??"]

1. d4 Nf6 2. c4 g6 3. Nc3 Bg7 4. e4 d6 5. Be2 O-O 6. Bg5 h6 7. Be3 e5 8. d5 a5
9. f3 Na6 10. Qd2 Kh7 11. Bd1 Nc5 12. Rb1 Ne8 13. Nge2 f5 14. Bc2 f4 15. Bf2 g5
16. h3 Nf6 17. a3 b6 18. b4 Na6 19. Nb5 axb4 20. axb4 h5 21. Qd3 Kg8 22. Qc3
Qe7 23. Bd3 g4 24. hxg4 hxg4 25. Kd2 g3 26. Be1 Kf7 27. Kc2 Bb7 28. Qb3 Rh8 29.
Rg1 Rh2 30. Bd2 Qd7 31. Nbd4 Bh6 32. Nf5 Bg7 33. Bc3 Ng8 34. Nxg7 Kxg7 35. Nxf4
Qf7 36. Ne6+ Kg6 37. f4 Bc8 38. f5+ Kf6 39. Be2 Nb8 40. Bd2 Bxe6 41. fxe6 Qg6
42. Qf3+ Ke7 43. Bg5+ Nf6 44. Bxf6+ Qxf6 45. Qxg3 Rh4 46. Bf3 Ra3 47. Rgf1 Rf4
48. Qe1 Qg5 49. Rb3 Ra2+ 50. Kb1 Ra8 51. g3 Rf6 52. Rh1 1-0

[Event "Sonderjysk EMT Basis 1 2015"]
[Site "Vojens"]
[Date "2015.05.18"]
[Round "4"]
[White "Schroder, Borge"]
[Black "Leimand, Hans Erik"]
[Result "1/2-1/2"]
[WhiteElo "1685"]
[BlackElo "1719"]
[PlyCount "73"]
[EventDate "2015.??.??"]

1. c4 e5 2. Nc3 Nf6 3. g3 c6 4. Bg2 d6 5. e3 Be6 6. b3 Nbd7 7. Nge2 Be7 8. Bb2
d5 9. cxd5 cxd5 10. O-O O-O 11. f4 exf4 12. Nxf4 Nb6 13. Nxe6 fxe6 14. Ne2 Bd6
15. Nf4 Bxf4 16. Rxf4 Qd7 17. Bxf6 Rxf6 18. Rxf6 gxf6 19. Qg4+ Kh8 20. Rf1 f5
21. Qd4+ Qg7 22. Qxg7+ Kxg7 23. Rc1 Kg6 24. Rc7 Rc8 25. Rxb7 Rc1+ 26. Bf1 Rc2
27. Rxa7 Rxd2 28. Ra6 Nd7 29. Rxe6+ Nf6 30. a4 Kf7 31. Rb6 Ng4 32. Bh3 Rd1+ 33.
Kg2 Nxe3+ 34. Kf3 d4 35. Ke2 Ra1 36. Rd6 Ra2+ 37. Kd3 1/2-1/2

[Event "Sonderjysk EMT Basis 1 2015"]
[Site "Vojens"]
[Date "2015.06.01"]
[Round "5"]
[White "Clausen, Hansjorgen"]
[Black "Schroder, Borge"]
[Result "1/2-1/2"]
[WhiteElo "1737"]
[BlackElo "1685"]
[PlyCount "68"]
[EventDate "2015.??.??"]

1. d4 b6 2. Nf3 Bb7 3. c4 Nf6 4. Nc3 e6 5. e3 d6 6. Bd3 Be7 7. O-O Nbd7 8. e4
c5 9. d5 e5 10. h3 Nf8 11. Nh4 Nxd5 12. Nf5 Nxc3 13. Nxg7+ Kd7 14. bxc3 Rg8 15.
Nf5 Ne6 16. Qh5 Qf8 17. Bh6 Qe8 18. Bc2 Rd8 19. Ba4+ Bc6 20. Bxc6+ Kxc6 21. Qd1
Nc7 22. Ne3 Rg6 23. Nf5 Bg5 24. Bxg5 Rxg5 25. h4 Rg6 26. g3 Qe6 27. Qe2 Ne8 28.
Qd3 Rd7 29. a4 a6 30. Qd5+ Qxd5 31. cxd5+ Kb7 32. c4 a5 33. Rab1 Ka7 34. Rb3
Ng7 1/2-1/2

[Event "Sonderjysk EMT Basis 1 2015"]
[Site "Vojens"]
[Date "2015.06.01"]
[Round "5"]
[White "Ladefoged, Simon Degnbol"]
[Black "Andersen, Christian Nors"]
[Result "1/2-1/2"]
[WhiteElo "1751"]
[BlackElo "1916"]
[PlyCount "69"]
[EventDate "2015.??.??"]

1. e4 c5 2. Nf3 Nc6 3. c3 d5 4. exd5 Qxd5 5. Na3 Nf6 6. Bc4 Qe4+ 7. Qe2 Qxe2+
8. Bxe2 a6 9. Nc2 e5 10. d3 h6 11. Be3 Bf5 12. O-O Be7 13. h3 O-O 14. Rad1 Rfd8
15. Na3 b5 16. d4 exd4 17. cxd4 cxd4 18. Nxd4 Nxd4 19. Bxd4 Rac8 20. Bb6 Rxd1
21. Rxd1 Bxa3 22. bxa3 Rc2 23. Bf1 Rxa2 24. g4 Bg6 25. f4 Rxa3 26. f5 Bxf5 27.
gxf5 b4 28. Rd8+ Kh7 29. Bc4 Rf3 30. Bd4 a5 31. Bxf6 gxf6 32. Rd7 Rf4 33. Ba2
a4 34. Rxf7+ Kh8 35. Rf8+ 1/2-1/2

[Event "Sonderjysk EMT Basis 1 2015"]
[Site "Vojens"]
[Date "2015.06.01"]
[Round "5"]
[White "Leimand, Hans Erik"]
[Black "Mogensen, Claus G"]
[Result "1/2-1/2"]
[WhiteElo "1719"]
[BlackElo "1958"]
[PlyCount "72"]
[EventDate "2015.??.??"]

1. d4 Nf6 2. c4 g6 3. Nc3 Bg7 4. e4 d6 5. Nf3 O-O 6. Be2 Nbd7 7. O-O e5 8. d5
Nc5 9. Bg5 h6 10. Bxf6 Bxf6 11. Qd2 Kh7 12. b4 Nd7 13. Rac1 a5 14. a3 b6 15.
Qc2 Be7 16. Bd3 Nf6 17. Be2 Ne8 18. c5 bxc5 19. bxc5 f5 20. cxd6 Bxd6 21. Bd3
f4 22. Nb5 Bd7 23. Qc3 Qe7 24. Nxd6 cxd6 25. Rb1 Ra7 26. Rb6 g5 27. Rfb1 g4 28.
Ne1 g3 29. f3 gxh2+ 30. Kh1 Qg7 31. Rb7 Rxb7 32. Rxb7 Rf7 33. Qd2 Nf6 34. Kxh2
h5 35. Bb5 h4 36. Qf2 Qg3+ 1/2-1/2

[Event "Sonderjysk EMT Basis 1 2015"]
[Site "Vojens"]
[Date "2015.06.01"]
[Round "5"]
[White "Schack, Asbjorn Hovgaard"]
[Black "Feldborg, Henrik"]
[Result "1/2-1/2"]
[WhiteElo "1635"]
[BlackElo "1629"]
[PlyCount "57"]
[EventDate "2015.??.??"]

1. d4 Nf6 2. c4 g6 3. Nc3 Bg7 4. e4 d6 5. Nf3 O-O 6. Be2 e5 7. Be3 Nc6 8. d5
Ne7 9. Nd2 Ne8 10. b4 f5 11. f3 f4 12. Bf2 Nf6 13. c5 a6 14. Nc4 Ne8 15. Rc1 g5
16. cxd6 Nxd6 17. Nxd6 cxd6 18. Na4 b5 19. Nb6 Rb8 20. Nxc8 Rxc8 21. O-O Rxc1
22. Qxc1 Qc8 23. Qb2 h5 24. Bb6 Qb7 25. Ba5 Qa7+ 26. Kh1 Qe3 27. Bc7 Rf6 28.
Qc2 Bf8 29. Qd3 1/2-1/2

[Event "Sonderjysk EMT Basis 1 2015"]
[Site "Vojens"]
[Date "2015.06.08"]
[Round "6"]
[White "Feldborg, Henrik"]
[Black "Andersen, Christian Nors"]
[Result "1/2-1/2"]
[WhiteElo "1629"]
[BlackElo "1916"]
[PlyCount "53"]
[EventDate "2015.??.??"]

1. e4 g6 2. Nf3 d6 3. g3 Bg7 4. Bg2 Nf6 5. d3 O-O 6. O-O c5 7. Nbd2 Nc6 8. Re1
e5 9. c3 Re8 10. Nf1 Rb8 11. h4 b5 12. N1h2 Ng4 13. Nf1 a5 14. N3h2 Nxh2 15.
Nxh2 b4 16. Ng4 Be6 17. Nh6+ Kf8 18. h5 Ne7 19. Qf3 Ng8 20. hxg6 hxg6 21. Ng4
Qd7 22. Nh2 bxc3 23. bxc3 Rb6 24. Qe2 Reb8 25. Qc2 Ne7 26. Nf3 f6 27. Ba3
1/2-1/2

[Event "Sonderjysk EMT Basis 1 2015"]
[Site "Vojens"]
[Date "2015.06.08"]
[Round "6"]
[White "Mogensen, Claus G"]
[Black "Clausen, Hansjorgen"]
[Result "1-0"]
[WhiteElo "1958"]
[BlackElo "1737"]
[PlyCount "89"]
[EventDate "2015.??.??"]

1. d4 b6 2. e4 e6 3. Nf3 Bb7 4. Bd3 g6 5. O-O Bg7 6. Qe2 d6 7. c3 Ne7 8. Rd1
O-O 9. Nbd2 Nd7 10. a4 a5 11. b3 d5 12. e5 c5 13. Ba3 Re8 14. Nf1 Nc6 15. Bb5
Qc8 16. Ne3 Ba6 17. Ng4 h5 18. Ne3 cxd4 19. cxd4 Bxb5 20. axb5 Na7 21. g4 hxg4
22. Nxg4 f5 23. exf6 Nxf6 24. Nfe5 Ne4 25. Rdc1 Qd8 26. f3 Bxe5 27. dxe5 Nc5
28. Nf6+ Kf7 29. Nxe8 Qg5+ 30. Kh1 Kxe8 31. Bxc5 bxc5 32. Rxc5 Rc8 33. Rg1 Qf5
34. Rxc8+ Nxc8 35. Qe3 Kd7 36. Rc1 g5 37. Rg1 Qf4 38. Qxf4 gxf4 39. Rg7+ Kd8
40. h4 d4 41. Kg1 Nb6 42. Kf1 Nd5 43. Ke2 Nc3+ 44. Kd3 Nxb5 45. h5 1-0

[Event "Sonderjysk EMT Basis 1 2015"]
[Site "Vojens"]
[Date "2015.06.08"]
[Round "6"]
[White "Schack, Asbjorn Hovgaard"]
[Black "Leimand, Hans Erik"]
[Result "1/2-1/2"]
[WhiteElo "1635"]
[BlackElo "1719"]
[PlyCount "39"]
[EventDate "2015.??.??"]

1. d4 d5 2. c4 e6 3. Nc3 Nf6 4. Bg5 Be7 5. Nf3 h6 6. Bh4 O-O 7. e3 b6 8. cxd5
exd5 9. Bd3 Bb7 10. O-O Ne4 11. Bxe7 Qxe7 12. Ne5 Nxc3 13. bxc3 Nd7 14. Nxd7
Qxd7 15. f4 f5 16. Qh5 Qf7 17. Qh3 Rae8 18. Rf3 Qf6 19. Kh1 Bc8 20. Rg3 1/2-1/2

[Event "Sonderjysk EMT Basis 1 2015"]
[Site "Vojens"]
[Date "2015.06.08"]
[Round "6"]
[White "Schroder, Borge"]
[Black "Ladefoged, Simon Degnbol"]
[Result "1-0"]
[WhiteElo "1685"]
[BlackElo "1751"]
[PlyCount "77"]
[EventDate "2015.??.??"]

1. c4 e5 2. Nc3 Nf6 3. g3 Nc6 4. Bg2 Bc5 5. e3 d6 6. Nge2 O-O 7. O-O Bf5 8. d3
Qd7 9. a3 a5 10. Bd2 Bxd3 11. Nd5 Bxc4 12. Nxf6+ gxf6 13. Re1 Qg4 14. Nc3 Qxd1
15. Raxd1 f5 16. Nd5 Bxd5 17. Bxd5 Ra7 18. Rc1 Ne7 19. Bg2 c6 20. Bc3 Ng6 21.
Bh3 f4 22. exf4 exf4 23. Bf6 fxg3 24. hxg3 Raa8 25. Bd7 Bb6 26. Kg2 Bd8 27. Bc3
Bg5 28. Rcd1 d5 29. Rh1 Rfd8 30. Bf5 Rd6 31. Rh5 Bf6 32. Rdh1 Bxc3 33. bxc3 Rf6
34. Bc2 Re8 35. Bxg6 fxg6 36. Rxh7 Re2 37. Rh8+ Kf7 38. R1h7+ Ke6 39. Re8+ 1-0

[Event "Sonderjysk EMT Basis 1 2015"]
[Site "Vojens"]
[Date "2015.06.13"]
[Round "7"]
[White "Andersen, Christian Nors"]
[Black "Schroder, Borge"]
[Result "1/2-1/2"]
[WhiteElo "1916"]
[BlackElo "1685"]
[PlyCount "52"]
[EventDate "2015.??.??"]

1. d4 b6 2. c4 Bb7 3. Nc3 Nf6 4. Nf3 e6 5. a3 Be7 6. Qc2 d5 7. cxd5 Nxd5 8. e4
Nxc3 9. bxc3 c5 10. Be3 cxd4 11. cxd4 O-O 12. Bd3 Nd7 13. O-O Rc8 14. Qb1 Re8
15. Rc1 Rxc1+ 16. Qxc1 a6 17. Qc2 Qc8 18. Qb3 b5 19. Rc1 Qb8 20. h3 Rc8 21.
Rxc8+ Qxc8 22. Bd2 Nf6 23. Bg5 h6 24. Bxf6 Bxf6 25. e5 Be7 26. a4 Qc1+ 1/2-1/2

[Event "Sonderjysk EMT Basis 1 2015"]
[Site "Vojens"]
[Date "2015.06.03"]
[Round "7"]
[White "Clausen, Hansjorgen"]
[Black "Schack, Asbjorn Hovgaard"]
[Result "1/2-1/2"]
[WhiteElo "1737"]
[BlackElo "1635"]
[PlyCount "68"]
[EventDate "2015.??.??"]

1. d4 Nf6 2. Nf3 g6 3. c4 Bg7 4. Nc3 O-O 5. e4 d6 6. Be2 e5 7. d5 Na6 8. O-O
Nc5 9. Bg5 Qe8 10. Bxf6 Bxf6 11. b4 Nd7 12. Nb5 Qd8 13. Qc1 b6 14. a4 a5 15.
bxa5 Rxa5 16. Qc2 Nc5 17. Ne1 Bg7 18. Bf3 f5 19. Nc3 f4 20. Nd3 Nxd3 21. Qxd3
g5 22. h3 Qe8 23. Qe2 Bf6 24. Nb5 Qe7 25. Bg4 Bxg4 26. Qxg4 Qf7 27. h4 h5 28.
Qe6 Qxe6 29. dxe6 Rc8 30. hxg5 Bxg5 31. Rfd1 Be7 32. Rd3 Kg7 33. g3 fxg3 34.
Rf3 c6 1/2-1/2